Producción de equipo eléctrico industrial
Αποθηκεύτηκε σε:
| Κύριος συγγραφέας: | |
|---|---|
| Άλλοι συγγραφείς: | |
| Μορφή: | Βιβλίο |
| Έκδοση: |
[San José , Costa Rica]
1985
|
| Θέματα: | |
| Ετικέτες: |
Προσθήκη ετικέτας
Δεν υπάρχουν, Καταχωρήστε ετικέτα πρώτοι!
|
MARC
| LEADER | 00000nam a2200000Ia 4500 | ||
|---|---|---|---|
| 003 | 004309 | ||
| 005 | 20221231144401.0 | ||
| 008 | 140114s1985 cr a m 000 ||s d | ||
| 040 | |c cru CEDI | ||
| 090 | |a TFG 1684 | ||
| 100 | |a Valle Tello, Ronald S |9 14497 | ||
| 245 | |a Producción de equipo eléctrico industrial | ||
| 260 | |c 1985 |a [San José , Costa Rica] | ||
| 300 | |a 247 hojas | ||
| 500 | |a Proyecto de graduación (bachillerato en ingeniería eléctrica)--Universidad de Costa Rica. Facultad de Ingeniería. Escuela de Ingeniería Eléctrica | ||
| 650 | |x EQUIPO INDUSTRIAL |x INGENIERÍA ELÉCTRICA |x MAQUINAS ELECTRICAS - INDUSTRIA Y COMERCIO |9 14498 | ||
| 700 | |9 12279 |a Avendaño Gutiérrez, Rodrigo | ||
| 942 | |c TFG | ||
| 999 | |c 21080 |d 21080 | ||
